| 000 | 00696nam a22002057a 4500 | ||
|---|---|---|---|
| 005 | 20251108174923.0 | ||
| 008 | 250721s2009 xx 000 0 ara d | ||
| 082 | 1 | 4 | _aط/925/روس |
| 100 | 1 | _aابو الروس، أيمن | |
| 245 | 1 | 0 | _aألفريد نوبل :صاحب الإختراعات الشريرة .. التي عوضتها بجائزته الشهيرة ! / |
| 264 | 1 |
_aالقاهرة : _bمكتبة ابن سينا، _c2009. |
|
| 300 | _a48 ص. | ||
| 490 | 0 | _aحياة و إنجازات | |
| 650 | 1 | 7 | _aالعلماء |
| 650 | 1 | 7 | _aالتراجم |
| 650 | 1 | 7 | _aجائزة نوبل |
| 653 | _aناشئون صغار ( 10 - 14 سنة ) | ||
| 942 |
_2ddc _cBK |
||
| 999 |
_c121552 _d121552 |
||